El problema social en las democracias / (Record no. 142497)

MARC details
000 -LEADER
campo de control de longitud fija 00737nam a2200217 i 4500
001 - NÚMERO DE CONTROL
campo de control 142497
003 - IDENTIFICADOR DE NÚMERO DE CONTROL
campo de control ES-MaACL
005 - FECHA Y HORA DE LA ÚLTIMA TRANSACCIÓN
campo de control 20250829120102.0
007 - CAMPO FIJO DE DESCRIPCIÓN FÍSICA--INFORMACIÓN GENERAL
campo de control de longitud fija t|
008 - DATOS DE LONGITUD FIJA--INFORMACIÓN GENERAL
campo de control de longitud fija 071005s1931 sp ||||1| spa d
100 1# - ENTRADA PRINCIPAL--NOMBRE DE PERSONA
Nombre de persona Villalonga, Augusto.
9 (RLIN) 114972
245 13 - MENCIÓN DEL TÍTULO
Título El problema social en las democracias /
Mención de responsabilidad, etc. por Augusto Villalonga.
260 ## - PUBLICACIÓN, DISTRIBUCIÓN, ETC.
Lugar de publicación, distribución, etc. Valencia :
Nombre del editor, distribuidor, etc. [Cuadernos de Cultura],
Fecha de publicación, distribución, etc. 1931 (
Fabricante Tip. P. Quiles)
300 ## - DESCRIPCIÓN FÍSICA
Extensión 61 p. ;
Dimensiones 17 cm.
490 1# - MENCIÓN DE SERIE
Mención de serie Cuadernos de cultura ;
Designación de volumen o secuencia 30. Derecho ;
-- 1
650 #4 - PUNTO DE ACCESO ADICIONAL DE MATERIA--TÉRMINO DE MATERIA
Término de materia o nombre geográfico como elemento de entrada Democracia-
Subdivisión general Aspectos sociales.
9 (RLIN) 172946
650 #7 - PUNTO DE ACCESO ADICIONAL DE MATERIA--TÉRMINO DE MATERIA
Término de materia o nombre geográfico como elemento de entrada Problemas sociales
Fuente del encabezamiento o término embne
9 (RLIN) 16415
830 1# - PUNTO DE ACCESO ADICIONAL DE SERIE-TÍTULO UNIFORME
Título uniforme Cuadernos de cultura
Designación de volumen o secuencia 30. Derecho ;
-- 1
9 (RLIN) 181245
852 ## - LOCALIZACIÓN
Ubicación ES-MaACL
Número de control de estantería 1923-F-7
Holdings
Estatus retirado Estado de pérdida Estado de daño No para préstamo Colección Biblioteca de origen Biblioteca actual Ubicación en estantería Fecha de adquisición Fuente de adquisición Total de préstamos Signatura topográfica completa Código de barras Visto por última vez Precio de reemplazo Tipo de ítem Koha
        Colección de folletos Biblioteca del Ateneo de Madrid Biblioteca del Ateneo de Madrid Depósito folletos 17/01/2008     1923-F-7 1148267 23/02/2023 23/02/2023 Folleto